000 00637nam a22002297a 4500
003 DO-SdBNP
005 20180216143750.0
008 161031b 2006 xxu a 1 00| 0 spa d
020 _a0765277166
040 _aBPMET
_bspa
_cBPMET
082 _axxxx
_bG685
100 1 _aGott, Robert
245 1 0 _aDías para recordar /
_cRobert Gott
260 _aEstados Unidos :
_bCelebration Press,
_bPearson Learning Group ,
_c2006.
300 _a16 p. :
_bil. ;
_c25 cm.
490 1 _aiOpeners
500 _aIncluye índice
830 0 _aiOpeners
942 _2ddc
_cBK
945 _aInventariado, 2018/ YL
956 _aYLOCKWARD
_b10
_cBPMSU
999 _c12622
_d12622